Pociągi na stacji Włoszczowa Północ - Statystyki

Ogólne statystyki
  • Ten quiz został rozwiązany 25 razy
  • Średni wynik to 2 z 14
Statystyki odpowiedzi
Hint Odpowiedź % Poprawnych
TLK 10:47/17:13 Małopolska
53%
IC/EC 10:29/17:51 Batory
33%
IC 09:25/20:41 Beskidy
27%
IC/EC 07:51/21:19 Chopin
20%
IC 07:04/21:25 Malinowski
20%
IC/TLK 09:34/17:30 Marszałek Piłsudski
20%
IC 23:33 Warmia
20%
IC. 06:00/21:36 (22:12) Górnik
13%
IC/EC 06:54/09:09/13:05/19:06/21:17 Silesia
13%
IC 10:25/17:21 Kazimierz
7%
IC/EC/EN 12:29/15:35 Sobieski
7%
IC 06:48/21:08 Barbakan
0%
IC 22:45 Łokietek
0%
IC 10:28/17:47 Witkacy
0%
Nie znaleziono quizów pasujących do podanych kryteriów
Rozkład punktacji
Procent ludzi z każdym wynikiem
Percentyl według liczby udzielonych odpowiedzi
Twoja historia wyników
Nie rozwiązałeś tego quizu